00878nam a22001577a 450000100060000000300060000600500170001200800410002904000300007008200100010010000140011024500430012430000490016752004930021670000110070910092FISKH20260408092318.0260408b cb ||||| |||| 00| 0 eng d aFISKHbchi cFISKHdFISKH a895.1 a古堂君 a不高兴的毛毛虫 /cBy 古堂君 a20 pages : bcolor illustrations ; c21 cm . a《不高兴的毛毛虫》讲述了一只小毛毛虫的故事。小毛毛虫因为一些事情感到不高兴,它在成长的过程中经历了不同的感受和冒险。通过与周围环境、朋友的互动,它慢慢学会理解自己的情绪,并发现让自己开心的方法。 这本书画风明亮可爱,文字简单,非常适合儿童阅读。它不仅让孩子了解毛毛虫的故事,还能帮助孩子认识和表达自己的情绪,培养情感认知能力。 a咚东